LEADER 01080nam a2200229 i 4500 001 000000203148 003 CaOOAMICUS 005 20110617000000.0 008 110617s1990 it u000 u ita u 013 $a181860 040 $aSeMil$bita 245 10$aSacrari militari della 1ª Guerra Mondiale :$bRedipuglia /$cA cura del Ministero della Difesa, commissariato generale per le onoranze ai Caduti in guerra. 260 $a[S.l. :$bs.n.],$c1990$e(Roma :$fTipografia REAN,$g1990) 300 $a[12] p. ;$c24 cm. 500 $aTitolo dalla copertina. 650 4$aCimiteri di guerra italiani all'estero.$0(OLS)http://semarc/subject/36754 700 1 $aMinistero della Difesa : Commissariato generale per le onoranze ai Caduti in guerra.$0(OLS)http://semarc/name/93843 850 $aSeMil 852 $aSeMil$W1$xVenegono$y1$m5D X 17/24$j153644$B153644$CSeMilBibl$Z2$F164515 $81 961 $aOmaggio: Altro 996 $6245$aSacrari militari della 1ª Guerra Mondiale :$bRedipuglia$9(OLS)http://semarc/title/294099 996 $6260$a[S.l. :$bs.n.]$9(OLS)http://semarc/publisher/29751 LEADER 01276nam a2200289 i 4500 001 000000082135 003 CaOOAMICUS 005 20180919121933.0 008 180726s1986 xx u000 u spa u 013 $a54375 020 $a84-220-1255-3 040 $aSeMil$bita 100 1 $aSanchez Prieto, Nicolas.$0(OLS)http://semarc/name/91857 245 10$aSanto Toribio de Mogrovejo :$bapóstol de los Andes /$cPor Nicolas Sanchez Prieto. 260 $aMadrid :$bBiblioteca de autores cristianos,$c1986. 300 $a211 p. ;$c19 cm. 490 0 $aBAC Popular : Biblioteca de Autores Cristianos ;$v78 500 $aContiene : Bibliografia. 650 4$aToribio Alfonso : de Mongrovejo .$0(OLS)http://semarc/subject/22378 830 0$aBAC Popular : Biblioteca de Autores Cristianos ;$v78.$0(OLS)http://semarc/title/404958 850 $aSeMil 852 $aSeMil$W1$xVenegono$y1$m3H I 208$j213828$B47234$CSeMilBibl$Z2$F49734 $81 961 $aOmaggio: Perego don Stefano 996 $6020$a84-220-1255-3$9(OLS)http://semarc/number/271324 996 $6245$aSanto Toribio de Mogrovejo :$bapóstol de los Andes$9(OLS)http://semarc/title/404957 996 $6260$aMadrid :$bBiblioteca de autores cristianos$9(OLS)http://semarc/publisher/29784